|
|
|
|
| LEADER |
00646cam a2200217ua 4500 |
| 020 |
|
|
|a 0-7169-8881-0
|
| 020 |
|
|
|a 9780716788812
|
| 082 |
|
|
|a 575.5
|b PIE/G
|
| 100 |
0 |
|
|a Pierce, Benjamin A.
|
| 245 |
1 |
0 |
|a Genetics: a conceptual approach /
|
| 250 |
|
|
|a 2nd ed.
|
| 260 |
|
|
|a New York:
|b W. H. Freeman,
|c 2005
|
| 300 |
|
|
|a xxiii, 720p.
|
| 500 |
|
|
|a Includes index.
|
| 650 |
|
|
|a Biosciences
|
| 650 |
0 |
|
|a Life science
|
| 650 |
0 |
|
|a Genes
|
| 650 |
0 |
|
|a Genetics
|
| 942 |
|
|
|c BK
|
| 999 |
|
|
|c 15052
|d 15052
|
| 952 |
|
|
|0 0
|1 0
|4 0
|6 575_500000000000000_PIEG
|7 0
|8 Stack
|9 15698
|a KUCL
|b KUCL
|c Stack
|d 2014-05-23
|g 38.99
|l 1
|m 1
|o 575.5 PIE/G
|p 17167
|r 2018-07-03
|s 2018-05-03
|y BK
|